000 00568nam a22002057a 4500
001 BT-PhCST
003 BT-PhCST
005 20190204171837.0
008 160307b xxu||||| |||| 00| 0 eng d
020 _a9788126508358
040 _aBT-PhCST
_cBT-PhCST
_dBT-PhCST
050 _a18563-18567
082 _222
_a005.10684
100 _aEdited by Richard H. Thayer.
245 _aSoftware engineering project management /
250 _a2nd.
260 _aNew Delhi,
_bWiley India Pvt Ltd.,
_cc2014.
300 _axviii, 529p. ;
_bill. ;
_c23.5 cm.
942 _2ddc
_cIT
999 _c6187
_d6187